LEADER 02612nam 22005654a 450 001 996339120303316 005 20170815113509.0 010 $a1-280-60612-6 010 $a9786610606122 010 $a0-470-03208-1 035 $a(CKB)1000000000357264 035 $a(EBL)274346 035 $a(OCoLC)232330378 035 $a(SSID)ssj0000118192 035 $a(PQKBManifestationID)11991368 035 $a(PQKBTitleCode)TC0000118192 035 $a(PQKBWorkID)10054252 035 $a(PQKB)10955960 035 $a(MiAaPQ)EBC274346 035 $a(EXLCZ)991000000000357264 100 $a20060208d2006 uy 0 101 0 $aeng 135 $aur|n|---||||| 181 $ctxt 182 $cc 183 $acr 200 00$aCaring for children and families$b[electronic resource] /$fedited by I. Peate, L. Whiting 210 $aChichester, England ;$aHoboken, NJ $cJ. Wiley & Sons$dc2006 215 $a1 online resource (318 p.) 225 1 $aWiley series in nursing 300 $aDescription based upon print version of record. 311 $a0-470-01970-0 320 $aIncludes bibliographical references and index. 327 $aChildren and their families -- Communicating with children and families -- Working as a member of the child health team -- Health promotion : a child-centred approach -- Biological aspects of child health care -- Assessing and monitoring of children -- The importance of play -- Maintaining safety -- Accident prevention -- Safeguarding children -- Legal concerns -- Future aspirations. 330 $aThis text will help students understand fundamental aspects of clinical practice in order to provide safe and effective care to children and their families in various situations. When in clinical practice, students may find themselves being supervised from a distance, and as such, this text will help the student when they find themselves in a variety of settings to assist their integration of theory and practice. The reader will develop their paediatric caring skills with a sound knowledge base, which will underpin the safe and effective delivery of care.* User-friendly writing style* 410 0$aWiley series in nursing. 606 $aPediatric nursing 608 $aElectronic books. 615 0$aPediatric nursing. 676 $a362.19892 676 $a618.9200231 701 $aPeate$b Ian$0857333 701 $aWhiting$b Lisa$01011129 801 0$bMiAaPQ 801 1$bMiAaPQ 801 2$bMiAaPQ 906 $aBOOK 912 $a996339120303316 996 $aCaring for children and families$92341333 997 $aUNISA LEADER 02592 am 2200613 n 450 001 9910418040403321 005 20200127 010 $a2-37924-114-7 024 7 $a10.4000/books.puv.6586 035 $a(CKB)4100000011301787 035 $a(FrMaCLE)OB-puv-6586 035 $a(oapen)https://directory.doabooks.org/handle/20.500.12854/41729 035 $a(PPN)248498290 035 $a(EXLCZ)994100000011301787 100 $a20200616j|||||||| ||| 0 101 0 $afre 135 $auu||||||m|||| 181 $ctxt$2rdacontent 182 $cc$2rdamedia 183 $acr$2rdacarrier 200 10$aAvec Yves Bonnefoy. De la poésie /$fFrançois Lallier 210 $aSaint-Denis $cPresses universitaires de Vincennes$d2020 215 $a1 online resource (132 p.) 311 $a2-84292-093-7 330 $aLe souci poétique de la présence au-delà de l?image anime de toutes parts l??uvre d?Yves Bonnefoy, sous le double signe de la création et de la conscience critique. L?espace qu?il a ouvert en poète est celui où la présence vivante se trouve rendue à autrui ; où dans l?épreuve de l?autre la langue redevient parole. La distance alors se fait celle de l?être proche, de l?être avec, en ce lieu commun qu?est la conscience du langage et de l?oubli qu?il porte. C?est de ce lien, de cette communauté au sein de la parole, qu?ont voulu chacun à sa manière ? lecteurs, traducteurs, poètes, critiques ? rendre compte les auteurs du recueil. Deux textes inédits d?Yves Bonnefoy témoignent de cette présence de la poésie, et du rapport singulier qu?elle entretient avec l?image par le détour de la peinture. 606 $aLiterature, Romance 606 $aPoetry 606 $apoésie 606 $acréation 606 $atraduction 606 $apeinture 610 $atraduction 610 $apoésie 610 $apeinture 610 $acréation 615 4$aLiterature, Romance 615 4$aPoetry 615 4$apoésie 615 4$acréation 615 4$atraduction 615 4$apeinture 700 $aAvice$b Jean-Paul$0694223 701 $aBonnefoy$b Yves$0144237 701 $aEdwards$b Michael$0150338 701 $aGrinberg$b Marc$01315480 701 $aJackson$b John E$01315481 701 $aLallier$b François$01315482 701 $aNée$b Patrick$0738168 701 $aLallier$b François$01315482 801 0$bFR-FrMaCLE 906 $aBOOK 912 $a9910418040403321 996 $aAvec Yves Bonnefoy. De la poésie$93032375 997 $aUNINA